[Event "33rd ECCC Open 2017"]
[Site "Antalya"]
[Date "2017.10.13"]
[Round "5"]
[White "Grischuk, Alexander"]
[Black "Mamedov, Rauf"]
[Result "1/2-1/2"]
[WhiteElo "2785"]
[BlackElo "2678"]
[Annotator "TA"]
[PlyCount "168"]
[EventType "team-tourn"]
[EventCountry "TUR"]
[SourceTitle "playchess.com"]
[Source "ChessBase"]
[SourceQuality "1"]
[WhiteTeam "Globus"]
[BlackTeam "Odlar Yurdu"]

{[%evp 31,168,60,57,53,112,67,70,62,72,37,65,57,61,29,41,54,51,36,40,41,46,0,80,68,63,34,0,34,0,9,172,173,167,174,200,177,191,22,26,18,21,54,125,21,37,0,120,112,108,-99,-95,-172,-170,-257,-256,-257,-257,-257,-257,-257,-257,-257,-257,-257,-257,-390,-367,-468,-448,-449,-442,-417,-341,-421,-486,-456,-437,-458,-457,-442,-440,-880,-864,-845,-815,-801,-876,-843,-866,-826,-854,-823,-806,-707,-654,-581,-530,-510,-509,-480,-369,-379,-366,-399,-381,-380,-363,-352,-299,-339,-284,-277,-204,-319,-311,-292,-324,-294,-291,-291,-241,-275,0,0,0,0,0,0,0,0,0,0,0,0,0,0,0,0,0]} 1. e4 c5 2. Nf3 d6 3. d4 Nf6 4. Nc3 cxd4 5. Nxd4 g6 6. Be3 Bg7 7. f3 Nc6 8. Qd2 O-O 9. Bc4 Bd7 10. O-O-O Rb8 11. Bb3 Na5 12. h4 {[%cal Bh2h4,Bh4h5][%mdl 32] B77: Sicilian Dragon: Yugoslav Attack, 9 Bc4 sidelines} (12. g4 b5 13. Bh6 Bxh6 14. Qxh6 b4 15. Nd5 Nxb3+ 16. Nxb3 Nxd5 17. exd5 Rb6 18. Rd4 e5 19. dxe6 Bxe6 {1-0 (52) Zhigalko,S (2648)-Mamedov,R (2680) Kocaeli 2017}) 12... b5 13. Kb1 Nc4 14. Bxc4 bxc4 15. g4 Qa5 16. Ka1 Rfc8 {LiveBook: 3 Games} 17. h5 Rc5 ({Better is} 17... Rb7 $14) 18. Nde2 $146 ({Predecessor:} 18. hxg6 fxg6 19. a3 Qa6 20. Rb1 Ra5 21. Ka2 e5 {1-0 (29) Hosseinipour,M (2275)-Petrosian,D (2382) Teheran 2014}) 18... Qb4 {[%csl Gb8][%cal Rb4b2]} (18... gxh5 $2 19. Bxc5 Qxc5 20. g5 $18) 19. Qc1 Ra5 20. Bd4 Qb7 21. hxg6 fxg6 22. a3 Be6 23. Rdg1 Bf7 24. g5 Nh5 25. Bxg7 Nxg7 26. Rh4 Ne6 (26... Ra6 $11 {remains equal.}) 27. f4 $16 Nf8 28. Rf1 Ra6 $1 29. f5 Rb6 $1 {[%cal Rb6b2]} 30. Rhf4 (30. Nd1 {seems wilder.} Qa6 31. Rf3 d5 32. exd5 Bxd5 33. Rfh3) 30... gxf5 $2 (30... Qa6 $1 $11) 31. exf5 $18 (31. Rxf5 Bg6 $17) 31... Rxb2 {[#]} 32. g6 $1 {[%cal Rg6f7][%mdl 512]} Nxg6 (32... hxg6 33. fxg6) 33. fxg6 Bxg6 34. Rg1 $2 (34. Rg4 $18) 34... Qa6 35. Qxb2 Rxb2 36. Kxb2 d5 (36... e5 $14 37. Rfg4 Kf7) 37. Rd4 (37. Rg5 $1 $16 e6 38. Nd4) 37... e6 38. Rd2 (38. Ka2 $5 {[%cal Rd4g4]}) 38... Kh8 (38... Qb6+ $11 39. Ka1 Kh8) 39. Ka2 $16 Qb6 40. Rb1 $2 (40. Nd4 $1 $16) 40... Qe3 $17 41. Rbd1 (41. Rb8+ $17 {might work better.} Kg7 42. Rb7+ Kh6 43. Rd4) 41... Bh5 $19 42. Nb1 (42. a4 $142) 42... d4 $1 {[%cal Rd4d3]} ({Don't blunder} 42... Bxe2 $2 43. Re1 $18) 43. Rxd4 Bxe2 ({Inferior is} 43... Qxe2 44. R1d2 $11) 44. Rd8+ Kg7 45. R1d7+ Kf6 46. Kb2 h5 47. Nc3 Bg4 48. Rc8 (48. Rf8+ $142 Ke5 49. Rc8) 48... Qb6+ 49. Kc1 Qa6 50. Rf8+ Ke5 51. a4 Bf5 52. Rd2 Qc6 53. Re2+ {[#]} Kf4 $1 54. Rf2+ Kg5 55. Rg8+ Kf6 56. Rh2 (56. Rf4 $142 Ke5 57. Rf2) 56... Qf3 57. Kb2 Qb7+ 58. Kc1 Qb4 59. Rg3 Qa3+ 60. Kb1 Qd6 61. Rhg2 h4 62. Rf3 Qb6+ 63. Ka2 Qd4 64. Rgf2 Ke7 65. Nb5 Qc5 66. c3 Qb6 67. Rb2 Qc6 68. Rbf2 Qe4 {( -> ...Qb1+)} 69. Nd4 {[%cal Rd4f5]} Qb1+ 70. Ka3 a5 71. Rf1 {[%cal Rd4f5]} Qb6 72. R1f2 (72. Re3 {was necessary.} Kd7 73. Ka2) 72... h3 {White must now prevent ...h2!} 73. Rb2 Qc5+ ({Don't take} 73... Qd6+ 74. Ka2 $19) 74. Ka2 Bg4 75. Rb7+ Kd6 76. Rff7 {[#] Rfd7+ is the strong threat.} e5 $2 (76... Qc8 $1 $19 {Hoping for ...Kd5.} 77. Rbc7 Qa8 78. Rfd7+ Ke5 79. Nc6+ Kf4) 77. Rf6+ $1 $11 {The position is equal.} Kd5 78. Rb5 exd4 79. Rxc5+ Kxc5 80. cxd4+ $1 {KR-KB} Kb4 81. d5 Kc5 82. d6 Bd7 83. Rh6 Bxa4 84. Rxh3 Kxd6 {Precision: White = 53%, Black = 71%.} 1/2-1/2

[Event "33rd ECCC Open 2017"]
[Site "Antalya"]
[Date "2017.10.13"]
[Round "5"]
[White "Giri, Anish"]
[Black "Safarli, Eltaj"]
[Result "1/2-1/2"]
[WhiteElo "2762"]
[BlackElo "2632"]
[Annotator "TA"]
[PlyCount "66"]
[EventType "team-tourn"]
[EventCountry "TUR"]
[SourceTitle "playchess.com"]
[Source "ChessBase"]
[SourceQuality "1"]
[WhiteTeam "Globus"]
[BlackTeam "Odlar Yurdu"]

{[%evp 12,66,30,5,32,2,14,5,30,15,18,22,14,27,24,23,26,12,44,16,12,8,9,16,27,7,16,8,30,29,31,9,36,17,42,17,42,48,37,26,31,27,28,31,37,35,52,0,0,0,0,0,0,0,0,0,0]} 1. e4 e5 2. Nf3 Nc6 3. Bc4 Bc5 4. c3 Nf6 5. d3 d6 6. O-O h6 7. Re1 O-O {C54: Giuoco Piano: 4 c3 Nf6, main lines with 5 d4 and 5 d3} 8. Nbd2 a6 9. a4 Re8 10. h3 Be6 11. Bxe6 Rxe6 12. b4 Ba7 13. Qc2 Ne7 14. Nf1 Ng6 {[#]} 15. Be3 $146 Bxe3 16. Nxe3 d5 17. g3 Qd7 18. Kh2 Rd8 19. c4 c6 20. Rab1 Ree8 21. Rbd1 Qe6 22. a5 Rd7 23. Nd2 dxe4 24. dxe4 Red8 25. Nb3 {[#] aiming for Nc5.} Rxd1 26. Rxd1 Rxd1 27. Nxd1 Qd6 28. c5 $36 {[%mdl 2048] Black is under pressure.} Qe6 29. Ne3 {[#]} (29. Nd2 $14) 29... Nxe4 $1 $11 {[%mdl 512] The position is equal.} 30. Qxe4 {Black must now prevent Nd2.} Qxb3 31. Nf5 Qe6 32. Nd6 Ne7 33. Nxb7 Qd5 {Precision: White = 46%, Black = 43%.} 1/2-1/2

[Event "33rd ECCC Open 2017"]
[Site "Antalya"]
[Date "2017.10.13"]
[Round "5"]
[White "Svidler, Peter"]
[Black "Sprenger, Jan Michael"]
[Result "1-0"]
[WhiteElo "2760"]
[BlackElo "2513"]
[Annotator "TA"]
[PlyCount "101"]
[EventType "team-tourn"]
[EventCountry "TUR"]
[SourceTitle "playchess.com"]
[Source "ChessBase"]
[SourceQuality "1"]
[WhiteTeam "Mednyi Vsadnik"]
[BlackTeam "Leiden"]

{[%evp 9,101,-7,-2,-14,-8,-12,-9,-17,9,3,10,23,0,-83,45,35,43,38,55,57,54,30,71,47,47,44,52,50,47,38,35,34,27,31,30,2,3,0,0,0,54,33,62,58,68,70,77,67,111,113,104,104,99,100,105,107,105,106,107,107,107,107,107,112,151,146,146,147,139,64,146,151,151,153,183,188,359,351,391,391,391,387,29972,12814,29988,29989,29992,29990,29990,29990,29990,29991,29996,29997]} 1. e4 c5 2. Nf3 e6 3. g3 d5 4. exd5 exd5 5. Bg2 Qe7+ 6. Kf1 {B40: Sicilian: 2...e6, Unusual lines} Nc6 7. Nc3 Nf6 8. d4 {The position is equal.} h6 $146 ({Predecessor:} 8... Be6 9. Be3 O-O-O 10. Ne2 Ng4 11. Bg5 f6 12. Bd2 cxd4 13. Nexd4 {1-0 (41) Morozevich,A (2730)-Miezis,N (2496) Turin 2006}) 9. Be3 Be6 10. dxc5 Ng4 11. Nxd5 (11. Bd4 $11 {keeps the balance.}) 11... Qd7 ({Black should play} 11... Bxd5 $17 12. Qxd5 Qxe3 13. Qxc6+ bxc6 14. fxe3 Nxe3+ 15. Kf2 Bxc5) 12. Nf4 Nxe3+ 13. fxe3 Bxc5 14. Qxd7+ Bxd7 15. Nd3 Bd6 16. Nd4 O-O-O 17. Kf2 Ne5 18. Nxe5 Bxe5 19. c3 h5 20. Nf3 Bc7 21. Rad1 Rh6 22. Rd2 Re8 23. Rhd1 Bg4 24. Rd5 h4 ({Better is} 24... Rf6 $11) 25. gxh4 $14 Bxf3 26. Bxf3 Rxh4 27. h3 $36 {[%mdl 2048] White is more active.} g6 28. Rd7 Rxh3 29. Rxf7 {[#] Threatens to win with Bg4+.} Rh2+ 30. Bg2 {Rdd7 is the strong threat.} Rh5 31. Rdd7 Rf5+ 32. Ke2 Rxf7 33. Rxf7 $16 {[%mdl 4096] Endgame KRB-KRB} g5 34. Rg7 Bf4 35. Bxb7+ Kb8 36. e4 {Strongly threatening Bd5.} Rh8 37. Kd3 Rh2 38. Bd5 Rxb2 39. Kd4 (39. a4 $16) 39... a5 (39... Rd2+ $14 40. Kc5 Rc2) 40. a4 Rb1 41. c4 {[%cal Bc3c4,Bc4c5,Bc5c6,Bc6c7][%mdl 32]} Kc8 42. Be6+ Kb8 $2 (42... Kd8 {was called for.} 43. c5 Rd1+ 44. Kc4 Be5 45. Rg8+ (45. Rxg5 Rd4+ 46. Kb5 Rxe4 $16) 45... Ke7) 43. c5 $18 Rb4+ 44. Kd5 Rxa4 45. e5 {[#] White wants to mate with c6.} Ra1 $2 (45... Ra2 $18 46. Bg4 Rd2+ 47. Ke4 Rc2) 46. Bg4 Bxe5 47. Kxe5 {White mates.} a4 48. c6 Rc1 49. Kd6 a3 50. c7+ Ka8 51. Bf3+ {Precision: White = 70%, Black = 47%.} 1-0

[Event "33rd ECCC Open 2017"]
[Site "Antalya"]
[Date "2017.10.13"]
[Round "5"]
[White "Yu, Yangyi"]
[Black "Dvirnyy, Danyyil"]
[Result "1-0"]
[WhiteElo "2743"]
[BlackElo "2542"]
[Annotator "TA"]
[PlyCount "57"]
[EventType "team-tourn"]
[EventCountry "TUR"]
[SourceTitle "playchess.com"]
[Source "ChessBase"]
[SourceQuality "1"]
[WhiteTeam "Alkaloid"]
[BlackTeam "Padova"]

{[%evp 15,57,31,32,10,14,23,31,21,104,100,149,168,148,148,176,162,160,177,182,186,201,199,200,202,193,197,208,207,201,209,212,206,218,208,212,204,218,204,253,244,248,244,289,285]} 1. d4 d5 {[%cal Bd7d5,Bd5c4][%mdl 32]} 2. c4 dxc4 3. Nf3 Nf6 4. Nc3 c6 5. a4 Bf5 6. Ne5 Nbd7 7. Nxc4 Nb6 8. Ne5 a5 9. g3 {D17: Slav Defence: 5 a4 Bf5: Lines with 6 Nh4 and 6 Ne5} (9. e3 {is more complex.} g6 10. Be2 Bg7 11. O-O h5 12. f3) (9. h4 e6 10. f3 h6 11. e4 Bh7 12. Be3 Nfd7 13. Nd3 Bd6 14. Bf2 O-O 15. Qb3 Qe7 16. g4 Kh8 {0-1 (32) So,W (2812)-Giri,A (2771) Leuven 2017}) 9... Nfd7 (9... e6 {with more complications.} 10. Bg2 Bb4 11. O-O O-O 12. e3 h6) 10. Nxd7 Qxd7 11. e4 {White is slightly better.} Bg4 (11... Bh3 $1 $11 {remains equal.}) 12. f3 $1 $16 {[%cal Rf3g4]} Bh3 13. Bxh3 Qxh3 14. Qb3 $1 $36 {[%cal Rb3b6][%mdl 2048] White is in control.} Ra6 {[#]} 15. Be3 $1 {[#] Hoping for d5.} e6 $146 ({Predecessor:} 15... Qg2 16. O-O-O Qxf3 17. Rhe1 g6 18. d5 Bg7 19. Bxb6 O-O 20. Bd4 Bxd4 21. Rxd4 Qf2 22. Red1 Qxh2 23. Qxb7 {1-0 (23) Nielsen,P (2636)-Timman,J (2616) Malmo 2002}) 16. Kf2 {d5 is the strong threat.} Bb4 {[#]} 17. Ne2 $1 {[%cal Re2f4] Threatens to win with Nf4.} e5 18. dxe5 Qe6 19. Qxe6+ fxe6 20. Nf4 Ke7 21. Nd3 Nd7 22. Rhc1 Rc8 23. f4 {[%cal Bf3f4,Bf4f5][%mdl 32]} Ke8 24. Rc2 Be7 25. Rac1 Raa8 26. g4 Nb8 27. f5 Nd7 28. Ke2 ({Resist} 28. fxe6 $6 Nf8) 28... Rd8 29. Rc3 {Precision: White = 81%, Black = 56%.} ({Much less strong is} 29. fxe6 Nf8 $16) 1-0

[Event "33rd ECCC Open 2017"]
[Site "Antalya"]
[Date "2017.10.13"]
[Round "5"]
[White "Wojtaszek, Radoslaw"]
[Black "Inarkiev, Ernesto"]
[Result "1/2-1/2"]
[WhiteElo "2737"]
[BlackElo "2693"]
[Annotator "TA"]
[PlyCount "74"]
[EventType "team-tourn"]
[EventCountry "TUR"]
[SourceTitle "playchess.com"]
[Source "ChessBase"]
[SourceQuality "1"]
[WhiteTeam "Novy Bor"]
[BlackTeam "Legacy Square Capital"]

{[%evp 16,74,14,13,11,12,12,12,12,12,14,7,16,8,9,8,6,1,13,13,13,13,12,0,16,0,0,0,7,0,0,0,0,0,0,0,0,0,6,1,25,25,25,22,22,22,22,24,29,22,22,4,4,4,4,3,3,0,8,0,9]} 1. d4 d5 2. c4 e6 3. Nc3 Be7 4. Nf3 Nf6 5. Bg5 Nbd7 6. e3 h6 7. Bh4 O-O 8. Bd3 c5 9. cxd5 {LiveBook: 5 Games. D60: Queen's Gambit Declined: Classical: Unusual White 7th moves} (9. O-O b6 10. Qe2 Bb7 11. Rad1 Ne4 12. Bg3 Nxg3 13. hxg3 cxd4 14. Nxd4 Nf6 15. cxd5 Nxd5 16. Ndb5 Nxc3 17. Nxc3 Qc7 18. Be4 a6 19. Rd2 Rad8 20. Rfd1 Bc8 21. Rxd8 Rxd8 22. Rxd8+ Bxd8 {½-½ (85) Adly,A (2603)-Kramnik,V (2808) Baku 2016}) 9... cxd4 10. Nxd4 Nxd5 11. Bxe7 Nxe7 12. O-O Nf6 13. Rc1 Bd7 14. Ne4 $146 ({Predecessor:} 14. e4 e5 15. Nb3 Rc8 16. Qe2 {½-½ (37) Pantel,H-Kordts,R Schleswig Holstein 1989}) 14... Nc6 15. Bb1 Nxd4 16. Qxd4 {[#] Black must now prevent Nxf6+.} Bc6 {Strongly threatening ...Qxd4.} 17. Nxf6+ Qxf6 18. Qxf6 gxf6 19. Rfd1 Rfd8 20. f3 f5 21. Kf2 Kf8 22. Ke1 Ke7 23. Bd3 Rd7 24. Be2 Rxd1+ 25. Rxd1 $11 {[%mdl 4096] Endgame KRB-KRB} Rg8 26. Bf1 Rc8 27. Rc1 Bd7 28. Rxc8 Bxc8 {KB-KB} 29. Kf2 Bd7 30. Kg3 f6 31. Kh4 {Hoping for Kh5.} Kf7 32. f4 Bc6 {The position is equal.} 33. h3 Bd5 34. a3 b6 35. Kh5 Kg7 36. Kh4 Kf7 37. Kh5 Kg7 {Precision: White = 58%, Black = 66%.} 1/2-1/2

[Event "33rd ECCC Open 2017"]
[Site "Antalya"]
[Date "2017.10.13"]
[Round "5"]
[White "Fedoseev, Vladimir"]
[Black "Van Haastert, Edwin"]
[Result "1-0"]
[WhiteElo "2733"]
[BlackElo "2447"]
[Annotator "TA"]
[PlyCount "179"]
[EventType "team-tourn"]
[EventCountry "TUR"]
[SourceTitle "playchess.com"]
[Source "ChessBase"]
[SourceQuality "1"]
[WhiteTeam "Mednyi Vsadnik"]
[BlackTeam "Leiden"]

{[%evp 17,179,13,11,0,6,0,0,-4,0,0,0,0,10,6,7,1,13,0,0,0,14,12,27,20,28,5,6,5,6,0,21,23,25,23,21,23,21,23,40,43,70,72,56,25,22,31,24,23,19,16,19,-8,23,25,58,46,85,92,92,11,13,13,37,8,8,0,28,38,51,12,14,14,14,14,14,14,70,18,20,20,26,19,29,8,8,8,12,12,12,12,13,13,16,0,97,8,8,0,8,8,8,0,0,0,0,0,0,0,8,8,16,22,22,22,22,22,30,5,24,25,55,56,53,30,47,27,35,42,67,12,66,65,79,79,79,47,66,6,60,33,179,158,430,383,288,476,538,531,422,448,954,246,602,622,4430,3483,6424,631,29973,29971,29980,29981,29989,29990]} 1. d4 d5 2. c4 c6 3. Nf3 Nf6 4. Nc3 dxc4 5. a4 Bf5 6. e3 e6 7. Bxc4 Bb4 8. O-O Nbd7 9. h3 h6 {LiveBook: 5 Games. D18: Slav Defence: 5 a4 Bf5 6 e3} (9... O-O 10. Nh4 Be4 11. Nxe4 Nxe4 12. Nf3 {½-½ (12) Sokolov,I (2641)-Sakaev,K (2607) St Petersburg 2010}) 10. Ne2 O-O 11. b3 $146 ({Predecessor:} 11. Ng3 Bh7 12. Bd2 Bd6 13. Ne2 a5 14. Bc3 Qc7 15. Bd3 Ne4 16. Qc2 Ndf6 17. Nd2 Nxd2 18. Bxh7+ Nxh7 19. Bxd2 {1-0 (58) Zpevakova,J (2030)-Baraeva,M (2182) Pardubice 2015}) 11... Qa5 {The position is equal.} 12. Ng3 Bh7 13. Bb2 Rad8 14. Qe2 Ne4 15. Nxe4 Bxe4 16. Rfd1 Qh5 17. Ne1 Qxe2 18. Bxe2 Rfe8 19. a5 a6 20. Bc4 c5 21. Nd3 (21. f3 {looks sharper.} Bh7 22. e4 cxd4 23. Nd3 Be7 24. Bxd4 Nb8 25. Bb6) 21... Bxd3 22. Rxd3 cxd4 23. Rxd4 {[#] Rad1 is the strong threat.} Nb8 24. Rg4 Bf8 25. Bc3 Nc6 26. Be2 Rd5 27. b4 Rc8 28. Rc4 Na7 29. Rxc8 Nxc8 30. e4 Rd7 31. b5 axb5 $1 32. Bxb5 Rc7 33. Bd4 Bb4 34. e5 Bc3 35. Bxc3 Rxc3 $11 {[%mdl 4096] Endgame KRB-KRN} 36. Rd1 $1 {[%cal Rd1d7]} Na7 37. Rd8+ Kh7 38. Be8 (38. Bd3+ $16 g6 39. Rd7) 38... Rc7 39. Rd6 g5 40. f3 Kg7 41. Kf2 Kf8 42. Rd8 Rc5 43. Bc6+ Kg7 44. Bxb7 {aiming for a6.} Rxa5 45. Ra8 h5 46. Kg3 Ra1 (46... Ra3 $11) 47. Be4 (47. h4 $14) 47... Ra3 48. h4 g4 $1 49. Kf4 gxf3 $1 50. Bxf3 Ra4+ 51. Ke3 Ra3+ 52. Ke4 Ra4+ 53. Kd3 Ra3+ 54. Kd2 Ra5 55. Kd3 f6 (55... Ra3+ $11 {remains equal.} 56. Kd2 Ra5) 56. Kc4 (56. exf6+ $16 Kxf6 57. Rh8) 56... fxe5 57. Kb4 Ra2 58. Kb3 Ra5 59. Re8 e4 60. Bxe4 Re5 61. Bf3 Nb5 62. Rd8 Kf6 63. Rd7 {Black must now prevent Kb4.} Rc5 64. Kb4 Rc7 65. Rd3 Na7 66. Bxh5 Nc6+ 67. Kb3 Ne5 68. Rd4 Rd7 69. Rf4+ Kg7 70. Be2 Ng6 71. Re4 {Threatens to win with h5.} e5 72. g3 {[%cal Bg2g3,Bg3g4,Bg4g5][%mdl 32] Strongly threatening h5.} Kf6 73. Ra4 (73. Re3 $14) 73... Ne7 ({Better is} 73... Rd2 $11) 74. g4 $14 {Hoping for Ra6+.} Ng6 75. g5+ Kg7 76. Kc3 Nf4 77. Bb5 (77. Bg4 $1 $14 Rd3+ 78. Kb2) 77... Nd5+ (77... Rd8 $11) 78. Kd3 Rf7 (78... Rd6 $14) 79. Bc6 $18 Nf4+ $2 (79... Ne7 $16) 80. Ke3 Rc7 {[#]} 81. Ra6 $1 Ne6 {If only Black now had time for ...Nxg5....} 82. Be4 Nf4 83. Kf3 Rf7 (83... Rc1 $142 84. Kg4 Kf8) 84. Rh6 $2 (84. Kg4 Ne2 85. g6) 84... Ne6+ $2 (84... Nd5+ 85. Kg3 Nc3) 85. Ke3 Nf8 86. Rc6 Rf4 87. h5 Rh4 88. Rc7+ {White mates.} Kh8 89. g6 Ne6 90. Rh7+ {Precision: White = 52%, Black = 39%.} 1-0

[Event "33rd ECCC Open 2017"]
[Site "Antalya"]
[Date "2017.10.13"]
[Round "5"]
[White "Navara, David"]
[Black "Malakhov, Vladimir"]
[Result "1-0"]
[WhiteElo "2726"]
[BlackElo "2691"]
[Annotator "TA"]
[PlyCount "81"]
[EventType "team-tourn"]
[EventCountry "TUR"]
[SourceTitle "playchess.com"]
[Source "ChessBase"]
[SourceQuality "1"]
[WhiteTeam "Novy Bor"]
[BlackTeam "Legacy Square Capital"]

{[%evp 16,81,12,0,27,29,47,27,51,27,72,43,56,61,66,41,40,7,62,59,70,64,68,0,47,0,77,68,230,226,214,214,231,191,295,244,291,273,296,289,652,634,654,653,756,737,754,742,706,704,837,422,938,769,771,745,818,780,5085,583,5924,5655,5214,5206,4778,2776,1018,929]} 1. e4 e5 2. Nf3 Nc6 3. d4 exd4 4. Nxd4 Bc5 5. Nb3 Bb6 6. Nc3 Nf6 7. Bg5 h6 8. Bh4 d6 {C45: Scotch Game} 9. f3 {LiveBook: 6 Games} g5 (9... O-O 10. Qe2 Be6 11. O-O-O Re8 12. g4 Qe7 13. Kb1 a5 14. a4 Rad8 15. Qg2 Nb4 16. Nd4 Bxd4 17. Rxd4 {0-1 (28) Cheparinov,I (2696)-Navara,D (2737) Tbilisi 2017}) 10. Bg3 Qe7 {White has an edge.} 11. Qd2 Bd7 12. h4 $146 ({Predecessor:} 12. O-O-O O-O-O 13. Bb5 Ne5 14. Bxd7+ Rxd7 15. Qe2 a6 16. Bf2 Bxf2 17. Qxf2 {1-0 (48) Matijevic,F (1885)-Pagnutti,L (2080) Nova Gorica 2011}) 12... Rg8 13. O-O-O O-O-O 14. hxg5 hxg5 15. Rh6 Be6 16. Bb5 Bxb3 (16... d5 $11) 17. axb3 $14 Ne5 18. Na4 Nfd7 19. Nc3 Nf6 $1 20. Na4 Nfd7 $1 21. Kb1 $36 {[%mdl 2048] White has some pressure.} Rh8 $2 (21... Nc5 $14) 22. Bxd7+ $1 $18 Kxd7 23. Rxh8 Rxh8 {[#]} 24. c4 $1 c5 (24... Nc6 $142 25. c5 Ba5) 25. Nc3 f6 26. Nb5 Bc7 27. Nxa7 g4 $2 (27... Qe6 28. Nb5 b6) 28. Qd5 {White is clearly winning.} gxf3 29. gxf3 Nc6 30. Nb5 Kc8 31. Nxc7 Qxc7 32. Bxd6 Qd7 33. Bxc5 Qh3 (33... Qxd5 $142 34. exd5 Ne5) 34. Bd6 Rd8 35. Qf7 {[%csl Gd6][%cal Rf7c7] [#]} Rxd6 36. Rxd6 Qxf3 {KQR-KQN} 37. Qe6+ Kc7 38. Ka2 {Threatening mate with Rd7+.} Qe3 39. Rd7+ Kb8 40. Qd6+ Ka8 41. Rc7 {Precision: White = 55%, Black = 25%.} 1-0

[Event "33rd ECCC Open 2017"]
[Site "Antalya"]
[Date "2017.10.13"]
[Round "5"]
[White "Eljanov, Pavel"]
[Black "David, Alberto"]
[Result "1-0"]
[WhiteElo "2720"]
[BlackElo "2569"]
[Annotator "TA"]
[PlyCount "68"]
[EventType "team-tourn"]
[EventCountry "TUR"]
[SourceTitle "playchess.com"]
[Source "ChessBase"]
[SourceQuality "1"]
[WhiteTeam "Alkaloid"]
[BlackTeam "Padova"]

{[%evp 20,68,39,33,45,49,44,32,69,69,77,68,69,69,70,33,33,33,40,32,75,77,77,77,106,106,106,106,106,99,99,99,106,106,132,147,248,235,415,397,376,346,1081,1062,894,745,721,713,685,652,1418]} 1. e4 e6 2. d4 d5 3. Nc3 Nf6 4. e5 Nfd7 5. f4 c5 6. Nf3 Nc6 7. Be3 Be7 8. a3 {C11: French: Classical System: 4 e5 and 4 Bg5 dxe4} (8. Qd2 a6 9. a3 b5 10. Bd3 Bb7 11. O-O O-O 12. Kh1 f5 13. Qf2 Rc8 14. Rg1 b4 15. axb4 Nxb4 16. g4 g6 17. gxf5 Nxd3 18. cxd3 Rxf5 {0-1 (40) Kasparov,G (2812)-Caruana,F (2807) Saint Louis 2017}) 8... a6 9. dxc5 Nxc5 10. b4 Nd7 11. Bd3 {LiveBook: 3 Games} O-O 12. O-O f6 $146 {[%cal Rf6e5]} ({Predecessor:} 12... Nb6 13. Nd4 Qc7 14. Kh1 g6 15. Qe1 Bd7 {1-0 (27) Sidhant,M (2393)-Raahul,V (2311) Bhubaneswar 2017}) 13. Nd4 Ndb8 14. Qh5 f5 15. Nce2 Nxd4 16. Nxd4 Nc6 17. g4 {[%cal Rg4f5]} Nxd4 18. Bxd4 $40 {[%mdl 128] White is up to no good.} g6 19. Qh3 Bd7 20. gxf5 exf5 21. c4 Ba4 22. c5 Qd7 23. Kh1 Bb5 24. Rfc1 Qe6 25. a4 {[%cal Ba3a4,Ba4b5][%mdl 32]} Bxd3 26. Qxd3 Rfd8 27. Rc2 Rac8 (27... Bf8 $16 28. Rd2 Re8) 28. Rac1 Kf7 $2 {[#]} (28... Bf8 29. b5 axb5) 29. b5 $18 axb5 30. axb5 Ra8 $2 (30... Qd7 31. c6 bxc6) 31. c6 {White is clearly winning.} Ra3 32. Rc3 Rxc3 33. Rxc3 Qc8 34. Bb6 Re8 {Precision: White = 84%, Black = 29%.} 1-0

[Event "33rd ECCC Open 2017"]
[Site "Antalya"]
[Date "2017.10.13"]
[Round "5"]
[White "Naiditsch, Arkadij"]
[Black "Kramnik, Vladimir"]
[Result "1/2-1/2"]
[WhiteElo "2702"]
[BlackElo "2794"]
[Annotator "TA"]
[PlyCount "130"]
[EventType "team-tourn"]
[EventCountry "TUR"]
[SourceTitle "playchess.com"]
[Source "ChessBase"]
[SourceQuality "1"]
[WhiteTeam "Odlar Yurdu"]
[BlackTeam "Globus"]

{[%evp 26,130,19,0,0,-5,27,28,23,16,31,27,33,32,12,0,28,29,28,24,57,-20,0,0,0,0,0,0,0,0,0,0,0,0,0,0,0,0,0,0,-13,-14,0,0,78,11,313,295,297,307,275,277,264,246,289,263,301,45,45,45,45,45,45,45,49,49,45,38,83,1,0,0,5,8,8,8,18,0,0,0,0,0,8,0,0,0,0,0,0,0,0,0,0,0,0,0,0,-20,-20,-26,0,0,0,0,0,0,0]} 1. e4 e5 2. Nf3 Nc6 3. Bc4 Bc5 4. c3 Nf6 5. d4 exd4 6. e5 d5 7. Bb5 Ne4 8. cxd4 Bb6 9. Nc3 O-O 10. Be3 {C54: Italienische Partie (Hauptvariante)} Bg4 {[%cal Bc8g4,Bg4h5,Bh5g6][%mdl 32]} 11. h3 Bh5 12. Qc2 Bg6 13. Qb3 Ne7 14. O-O {LiveBook: 3 Partien} c6 15. Bd3 {[#]} Ng3 $146 ({Vorgänger:} 15... Nf5 16. Rae1 Nxd4 17. Bxd4 Bxd4 18. Nxe4 dxe4 19. Bxe4 Bxe4 20. Rxe4 {½-½ (29) Svidler,P (2749)-So,W (2810) Saint Louis 2017}) 16. Rfd1 Bxd3 17. Rxd3 Ngf5 18. Bd2 Ng6 19. Na4 f6 20. exf6 Qxf6 {[%cal Rf5d4]} 21. Nxb6 axb6 22. Qxb6 Ngh4 23. Bb4 ({Lieber} 23. Ne5 $14) 23... Nxg2 24. Kxg2 Qg6+ 25. Kh2 $1 Nh4 $1 {[%csl Gh4][%cal Rg6g2]} 26. Rg1 Qxd3 27. Nxh4 Rxf2+ 28. Rg2 Rf7 29. Bd6 $1 $40 {[%mdl 128] Weiss hat was vor.} Re8 30. Be5 h6 31. Ng6 Qb1 {Weiss muss nun ...Tf1 beachten.} 32. Nf4 Qf1 33. Ng6 {[%cal Bf4g6,Bg6e5,Be5d3][%mdl 32]} Qe1 34. Bf4 Kh7 (34... Qf1 $11 {hält das Gleichgewicht.} 35. Be5 Qe1) 35. Ne5 $1 $16 {[%cal Re5f7]} Rxf4 $4 {[%mdl 8192] [#]} (35... Rxe5 $1 $11 36. Bg3 (36. Bxe5 Rf2 $14) (36. dxe5 Rxf4 37. Qc7 Rg4 $11) 36... Qe3 37. Bxe5 Rf2) 36. Qc7 $1 $18 {[%csl Gg2][%cal Rc7g7]} Rg8 {( -> ...Tf1)} 37. Nd3 Qe4 38. Nxf4 Qxd4 39. Nh5 c5 40. Qe7 c4 41. Qxb7 $2 (41. a4 $18) 41... Qe5+ $14 42. Ng3 Rb8 43. Qf7 Rxb2 44. Qf5+ Qxf5 45. Nxf5 {[%mdl 4096] Endspiel KTS-KT} c3 46. Nd4 g5 {[#]} 47. Rc2 (47. a3 $1 $16) 47... Rb4 $1 $11 {[%cal Rb4d4]} 48. Nb3 d4 49. Kg3 {Kf3 ist eine echte Drohung.} Kg6 50. Kf3 {Und weiter mit Ke4 wäre nett.} Kf5 51. Nc5 Rc4 52. Nd3 h5 53. Rf2 Rc8 {Mit der Idee ...Te8.} 54. Ke2+ Ke4 55. Rf7 Re8 56. Rd7 g4 57. hxg4 hxg4 58. a4 g3 59. a5 Rg8 {Und ...g2 würde nun gewinnen.} 60. Re7+ Kd5 {Droht stark ...g2.} 61. Nf4+ Kd6 62. Re6+ Kd7 {Droht ...g2 und aus.} 63. Re4 $1 {Die Stellung ist ausgeglichen.} g2 64. Rxd4+ Kc6 {[#]} 65. Nxg2 $1 {[%mdl 512]} Rxg2+ {Precision: Weiß = 70%, Schwarz = 50%.} 1/2-1/2